25 cidades mais populosas de Sergipe - Statistics

Estatísticas Gerais
  • Esse quiz foi jogado 140 vezes
  • A pontuação média é 14 de 25
Estatísticas das Respostas
Nº de Habitantes Letra Inicial Cidade % Correto
632 744 A Aracaju
100%
102 257 L Lagarto
95%
93 572 I Itabaiana
93%
177 344 N Nossa Senhora do Socorro
90%
68 405 E Estância
83%
86 979 S São Cristóvão
76%
29 130 L Laranjeiras
66%
41 404 I Itabaianinha
65%
28 677 B Barra dos Coqueiros
60%
51 375 T Tobias Barreto
60%
35 726 N Nossa Senhora da Glória
59%
29 655 P Propriá
54%
40 526 S Simão Dias
52%
24 545 U Umbaúba
48%
26 240 N Nossa Senhora das Dores
44%
33 757 P Poço Redondo
44%
33 317 I Itaporanga d'Ajuda
39%
28 279 C Canindé de São Francisco
38%
26 750 B Boquim
37%
23 492 P Poço Verde
37%
28 492 P Porto da Folha
37%
33 374 C Capela
33%
21 484 C Carira
33%
20 083 S Salgado
29%
21 312 A Aquidabã
26%
Nenhum quiz correspondente encontrado
Distribuição das Pontuações
Porcentagem de Pessoas com Cada Pontuação
Percentil de Números Respondidos
Sua Pontuação Histórica
Você não jogou esse quiz